[Event "BCF-ch"]
[Site "Southampton"]
[Date "1986.??.??"]
[Round "7"]
[White "Kosten, Anthony C"]
[Black "Lawton, Geoffrey W"]
[Result "0-1"]
[WhiteElo "2455"]
[BlackElo "2365"]
[PlyCount "88"]
[EventDate "1986.07.28"]
[EventType "swiss"]
[EventRounds "11"]
[EventCountry "ENG"]
[SourceTitle "EXT 1999"]
[Source "ChessBase"]
[SourceDate "1998.11.16"]
[SourceVersion "1"]
[SourceVersionDate "1998.11.16"]
[SourceQuality "1"]

1. e4 c5 2. Nf3 Nc6 3. d4 cxd4 4. Nxd4 Nf6 5. Nc3 e5 6. Ndb5 d6 7. Bg5 a6 8. Na3 b5 9. Nd5 Be7 10. Bxf6 Bxf6 11. c3 Ne7 12. Nxf6+ gxf6 13. Bd3 d5 14. Qe2 Bb7 15. Rd1 Qb6 16. 0-0 0-0-0 17. Nc2 Kb8 18. Nb4 f5 19. Nxd5 Nxd5 20. exd5 e4 21. Bc2 Bxd5 22. Qe3 Qc7 23. Qg5 Qe5 24. Bb3 f6 25. Qe3 Bb7 26. Qb6 Qe7 27. a4 bxa4 28. Bxa4 f4 29. Rfe1 f5 30. c4 Qc7 31. Qf6 Rhf8 32. Rxd8+ Qxd8 33. Qc3 Qf6 34. Qd2 e3 35. fxe3 Rg8 36. Re2 f3 37. Rf2 fxg2 38. Qd4 Qe7 39. c5 Be4 40. Rd2 Qc7 41. Qb4+ Bb7 42. Rd6 Rg4 43. e4 Rxe4 44. Rd4 Qxc5 0-1

[Event "BCF-ch"]
[Site "Southampton"]
[Date "1986.??.??"]
[Round "11"]
[White "Lawton, Geoffrey W"]
[Black "Findlay, Ian T"]
[Result "1-0"]
[WhiteElo "2365"]
[BlackElo "2375"]
[PlyCount "77"]
[EventDate "1986.07.28"]
[EventType "swiss"]
[EventRounds "11"]
[EventCountry "ENG"]
[SourceTitle "EXT 1999"]
[Source "ChessBase"]
[SourceDate "1998.11.16"]
[SourceVersion "1"]
[SourceVersionDate "1998.11.16"]
[SourceQuality "1"]

1. e4 c5 2. Nf3 d6 3. Bb5+ Bd7 4. Bxd7+ Qxd7 5. 0-0 Nc6 6. c3 Nf6 7. d4 Nxe4 8. d5 Nb8 9. Re1 Nf6 10. Bg5 Na6 11. Bxf6 gxf6 12. c4 0-0-0 13. Nc3 Rg8 14. Kh1 Nc7 15. Qd3 Qg4 16. g3 f5 17. Rac1 e5 18. Nh4 e4 19. Qe2 Qg5 20. f4 exf3 21. Qxf3 Re8 22. Nxf5 Qg4 23. Qd3 Rg5 24. Rf1 Re5 25. Rf4 Qh3 26. Rcf1 Rh5 27. Qc2 a6 28. Kg1 Kb8 29. Qg2 Qxg2+ 30. Kxg2 b5 31. h4 h6 32. R4f3 bxc4 33. g4 Rhxf5 34. Rxf5 Rxf5 35. Rxf5 Bg7 36. Rxf7 Bxc3 37. bxc3 Nxd5 38. g5 Nxc3 39. gxh6 1-0